Finance accounts, Union Government, 2019-20 (Record no. 518645)

000 -LEADER
fixed length control field 00553cam a22001457a 4500
008 - FIXED-LENGTH DATA ELEMENTS--GENERAL INFORMATION
fixed length control field 180718b-- xxu||||| |||| 00| 0 eng d
082 ## - DEWEY DECIMAL CLASSIFICATION NUMBER
Classification number L806x54 F/2019-20
245 ## - TITLE STATEMENT
Title Finance accounts, Union Government, 2019-20
260 ## - PUBLICATION, DISTRIBUTION, ETC. (IMPRINT)
Place of publication, distribution, etc Delhi
Name of publisher, distributor, etc The Controller of Publications
Date of publication, distribution, etc 2020
300 ## - PHYSICAL DESCRIPTION
Extent 558p
500 ## - GENERAL NOTE
General note Library has 1991/92-2003/04, 2005/06-2007/08, 2009/10,2017/18,2019/20
650 ## - SUBJECT ADDED ENTRY--TOPICAL TERM
Topical term or geographic name as entry element Finance, Public - Auditing - India
9 (RLIN) 7554
700 ## - ADDED ENTRY--PERSONAL NAME
Personal name India. Ministry of Finance. Department of Expenditure. Controller General of Accounts
9 (RLIN) 7555
942 ## - ADDED ENTRY ELEMENTS (KOHA)
Source of classification or shelving scheme
Holdings
Withdrawn status Lost status Source of classification or shelving scheme Damaged status Koha normalized classification for sorting Not for loan Permanent location Current location Date acquired Full call number Barcode Date last seen Price effective from Koha item type
        L_806X54_F_201920   Indian Institute of Public Administration Indian Institute of Public Administration 2021-10-05 L806x54 F/2019-20 gg34894 2021-10-05 2021-10-05 GG
        L_806X54_F_201920   Indian Institute of Public Administration Indian Institute of Public Administration 2021-10-05 L806x54 F/2019-20 gg34893 2021-10-05 2021-10-05 GG

Powered by Koha